Investigation into the causes of irregular attendance in a pew selected schools of Delhi (Record no. 1339203)

MARC details
000 -LEADER
fixed length control field 00613nam a2200193Ia 4500
005 - DATE AND TIME OF LATEST TRANSACTION
control field 20250508152843.0
008 - FIXED-LENGTH DATA ELEMENTS--GENERAL INFORMATION
fixed length control field 008 250505s9999 xx 000 0 eng d
037 ## - SOURCE OF ACQUISITION
Stock number Dissertations
040 ## - CATALOGING SOURCE
Original cataloging agency FEDL
Language of cataloging eng
Transcribing agency FEDL
041 ## - LANGUAGE CODE
Language code of text/sound track or separate title eng
Source of code eng
084 ## - COLON CLASSIFICATION NUMBER
Classification number 371.520 954 56, BAH/DI
Assigning agency FEDL
100 ## - MAIN ENTRY--PERSONAL NAME
Personal name Bahuguna B D
9 (RLIN) 762575
245 #0 - TITLE STATEMENT
Title Investigation into the causes of irregular attendance in a pew selected schools of Delhi
260 ## - PUBLICATION, DISTRIBUTION, ETC.
Date of publication, distribution, etc. 1962
300 ## - PHYSICAL DESCRIPTION
Extent 66p.
546 ## - LANGUAGE NOTE
Language note M. Ed. Dissertation (Delhi University)
942 ## - ADDED ENTRY ELEMENTS (KOHA)
Koha item type Dissertations
Classification part 371.520 954 56, BAH/DI
Holdings
Withdrawn status Lost status Damaged status Not for loan Home library Current library Date acquired Total Checkouts Full call number Barcode Date last seen Price effective from Koha item type
        Department of Education Library Department of Education Library 2025-05-08   371.520 954 56, BAH/DI EL0021599 2025-05-08 2025-05-08 Dissertations
Copyright @ Delhi University Library System